[Event "BRA-ch U14"]
[Site "Florianopolis"]
[Date "2018.04.28"]
[Round "2"]
[White "Lopes, Leonardo Borges"]
[Black "Steglich, Matheus Santos"]
[Result "1/2-1/2"]
[WhiteElo "1302"]
[BlackElo "1718"]
[PlyCount "50"]
[EventDate "2018.04.28"]
[EventType "swiss"]
[EventRounds "6"]
[EventCountry "BRA"]
[SourceTitle "EXT 2021"]
[Source "ChessBase"]
[SourceDate "2020.10.23"]
[SourceVersion "1"]
[SourceVersionDate "2020.10.23"]
[SourceQuality "1"]

1. e4 e5 2. Nf3 Nc6 3. Bc4 Bc5 4. c3 d6 5. d4 exd4 6. cxd4 Bb4+ 7. Bd2 Nf6 8. Bxb4 Nxb4 9. Nc3 Nxe4 10. Nxe4 d5 11. Bxd5 Nxd5 12. 0-0 0-0 13. Qd2 Bg4 14. Ne5 Re8 15. Nc3 Bf5 16. Rfe1 Nxc3 17. Qxc3 Qd6 18. Rad1 Rad8 19. Nc4 Qd5 20. Ne3 Qd7 21. Nxf5 Qxf5 22. h3 c6 23. Rxe8+ Rxe8 24. Re1 Rxe1+ 25. Qxe1 h6 1/2-1/2